| 000 | 00408nam a2200133Ia 4500 | ||
|---|---|---|---|
| 008 | 231129s9999||||xx |||||||||||||| ||spa|| | ||
| 020 | _a968-880-736-2 | ||
| 040 | _bspa | ||
| 082 | _a658.4012 M875p | ||
| 100 | _aMorrisey George L. | ||
| 245 | 0 | _aPlaneacion tactica: Produciendo resultados en corto plazo | |
| 264 | _aPrentice-Hall Hispanoamericana | ||
| 942 |
_2ddc _cBKS |
||
| 999 |
_c22819 _d22819 |
||